Le syndicalisme

Sparad:
Bibliografiska uppgifter
Huvudupphovsman: Marx, Karl
Materialtyp: Bok
Språk:Undetermined
Publicerad: Paris Francois Maspero 1972
Ämnen:
Taggar: Lägg till en tagg
Inga taggar, Lägg till första taggen!
Thư viện lưu trữ: Trung tâm Học liệu Trường Đại học Cần Thơ
LEADER 00425nam a2200169Ia 4500
001 CTU_79596
008 210402s9999 xx 000 0 und d
082 |a 335.8 
082 |b M392 
100 |a Marx, Karl 
245 0 |a Le syndicalisme 
245 0 |c Karl Marx 
260 |a Paris 
260 |b Francois Maspero 
260 |c 1972 
650 |a Syndicalism economic 
980 |a Trung tâm Học liệu Trường Đại học Cần Thơ